000 00296nam a22001217a 4500
020 _a978-93-85485-22-0
082 _a954/NAI
100 _aNair,C Gopalan
_983893
245 _aThe moplah rebellion 1921
260 _aNew dehli
_bVoice of india
_c2020
650 _aIndian history
_9227
942 _cBK
999 _c68897
_d68897